| 000 | 00917nam a22002177a 4500 | ||
|---|---|---|---|
| 999 |
_c11502 _d11502 |
||
| 003 | AR-CdUCM | ||
| 008 | 190404b ||||| |||| 00| 0 spa d | ||
| 040 |
_aMUNICIPALIDAD PROVINCIAL DEL CUSCO _cBIBLIOTECA MUNICIPAL DEL CUSCO |
||
| 082 |
_a346.984 / _bOS82 / 1943 |
||
| 100 |
_aOssorio, Angel _910915 |
||
| 245 | _aAnteproyecto del código civil Boliviano / | ||
| 260 |
_aBuenos Aires : _bImprentta Lopez, _c1943. |
||
| 300 |
_a738 paginas ; _c25 cm. |
||
| 505 | _aContenido : De la personalidad y la capacidad -- De la incapacidad -- Del parentesco y de la asistencia familiar -- Del matrimonio civil -- De la legitimación -- De la propiedad... | ||
| 650 |
_aObligaciones unilaterales _928905 |
||
| 650 |
_aDisposiciones generales _928280 |
||
| 650 |
_aSucesiones intestadas _928906 |
||
| 710 |
_aPublicaciones de la comisión codificadora nacional de Bolivia _928907 |
||
| 942 |
_2ddc _cLIBROS |
||
| 945 | _awnts | ||